Statistieken voor Willekeurige Landen op een Topologische Kaart

Klik hier om de quiz te nemen!

Algemene statistieken

  • Deze quiz is 1.017 keer genomen
  • De gemiddelde score is 10 van 20

Antwoorden op de kaart

Antwoorden kleurgecodeerd door een groen-rode schaal op de quizkaart volgens % correct hieronder.
 

Antwoordstatistieken

Land% Correct
Verenigde Staten
95%
Canada
94%
Rusland
92%
Mexico
89%
Brazilië
82%
China
81%
Argentinië
74%
Chili
71%
Egypte
71%
Duitsland
68%
Peru
67%
Bolivia
66%
Panama
66%
Ecuador
65%
Griekenland
64%
Paraguay
64%
Uruguay
64%
Zwitserland
64%
Algerije
63%
Eswatini
63%
Honduras
63%
Mongolië
63%
Libië
61%
Zuid-Afrika
60%
Israël
58%
Letland
58%
Nicaragua
58%
Oekraïne
58%
Oman
58%
Angola
57%
Niger
56%
Tanzania
56%
Tunesië
56%
Bulgarije
55%
El Salvador
55%
België
54%
Irak
54%
Nederland
54%
Vaticaanstad
54%
Venezuela
54%
Andorra
53%
Belarus
53%
Costa Rica
53%
Frankrijk
53%
Guatemala
53%
Kenia
53%
Soedan
53%
Guyana
52%
Italië
52%
Marokko
52%
Oeganda
52%
Spanje
52%
Rwanda
51%
Bhutan
50%
India
50%
Iran
50%
Eritrea
48%
Koeweit
48%
Lesotho
48%
San Marino
48%
Litouwen
47%
Polen
47%
Monaco
46%
Zuid-Korea
46%
Zweden
46%
Somalië
45%
Libanon
44%
Pakistan
44%
Denemarken
43%
Kazachstan
43%
Noorwegen
43%
Saoedi-Arabië
43%
Verenigde Arabische Emiraten
43%
Albanië
42%
Burundi
42%
Centraal-Afrikaanse Republiek
42%
Georgië
42%
Nepal
42%
Slovenië
42%
Suriname
42%
Tsjaad
42%
Finland
41%
Guinee-Bissau
41%
Oostenrijk
41%
Syrië
41%
Vietnam
41%
Colombia
40%
Kirgizië
40%
Democratische Republiek Congo
39%
Estland
39%
Gabon
39%
Hongarije
39%
Jordanië
39%
Malawi
39%
Moldavië
39%
Portugal
39%
Indonesië
38%
Mali
38%
Turkije
38%
Namibië
37%
Ethiopië
36%
Mozambique
36%
Oezbekistan
36%
Servië
36%
Kroatië
35%
Belize
34%
Jemen
34%
Qatar
34%
Tadzjikistan
34%
Tsjechië
34%
Zimbabwe
34%
Ivoorkust
33%
Luxemburg
33%
Maleisië
33%
Nigeria
33%
Zuid-Soedan
33%
Djibouti
32%
Oost-Timor
32%
Slowakije
32%
Afghanistan
31%
Bangladesh
31%
Botswana
31%
Liechtenstein
31%
Togo
31%
Brunei
30%
Kosovo
30%
Zambia
30%
Azerbeidzjan
29%
Benin
29%
Ghana
29%
Guinee
29%
Laos
29%
Liberia
29%
Mauritanië
29%
Noord-Macedonië
29%
Burkina Faso
28%
Roemenië
28%
Turkmenistan
28%
Gambia
26%
Bosnië en Herzegovina
25%
Montenegro
25%
Senegal
25%
Thailand
25%
Equatoriaal-Guinea
23%
Kameroen
23%
Republiek Congo
23%
Myanmar
21%
Cambodja
20%
Noord-Korea
19%
Armenië
17%
Sierra Leone
16%
Papoea-Nieuw-Guinea
14%

Scoreverdeling

Percentiel versus Aantal Correcte Antwoorden

Procent van Mensen met Elke Score

Uw Scoregeschiedenis

U heeft deze quiz nog niet genomen